|
|
|
|
| LEADER |
02120nem a2200469 a 4500 |
| 001 |
001285127 |
| 003 |
CZ BrMZK |
| 005 |
20160613085958.0 |
| 007 |
aj|canzn |
| 008 |
111208s1968 xr a 0| cze d |
| 034 |
1 |
|
|a a
|b 1500000
|d E0115135
|e E0224311
|f N0511721
|g N0472721
|
| 040 |
|
|
|a BOA001
|b cze
|
| 043 |
|
|
|a e-cs---
|2 czenas
|
| 044 |
|
|
|a xr
|a xo
|
| 072 |
|
7 |
|a 913(437)
|x Geografie Česka a Slovenska, reálie, cestování
|2 Konspekt
|9 7
|
| 072 |
|
7 |
|a 912
|x Mapy. Atlasy. Glóby
|2 Konspekt
|9 7
|
| 080 |
|
|
|a 656.2.025.2
|2 MRF
|
| 080 |
|
|
|a 656.132
|2 MRF
|
| 080 |
|
|
|a (437)
|2 MRF
|
| 080 |
|
|
|a (084.3)32
|2 MRF
|
| 080 |
|
|
|a (084.3)371.673
|2 MRF
|
| 110 |
2 |
|
|a Kartografický a reprodukční ústav (Praha, Česko)
|7 ko2003164641
|4 ctg
|
| 245 |
1 |
0 |
|a Československá socialistická republika
|h [kartografický dokument] :
|b politická mapa /
|c z podkladů Kartografie, n.p. ; odpovědný redaktor Jozef Sloboda ; technický redaktor Tiburc Žilinčan
|
| 250 |
|
|
|a 3. české vyd.
|
| 255 |
|
|
|a Měřítko 1:1 500 000 ;
|b stejnoploché kuželové zobrazení
|c (011°51´35" v.d.--022°43´11" v.d./051°17´21" s.š.--047°27´21" s.š.)
|
| 260 |
|
|
|a [Praha] :
|b Kartografické nakladatelství,
|c 1968
|e (V Bratislavě :
|f Kartografia, n.p.)
|
| 300 |
|
|
|a 1 mapa :
|b barev. ;
|c 29 x 53 cm, na listu 36 x 60 cm
|
| 500 |
|
|
|a Čís. výr. 901/68
|
| 505 |
2 |
0 |
|t Železniční osobní doprava (v roce 1958-59).
|g Měřítko 1:2 000 000. 11 x 20 cm --
|t Autobusová doprava (v roce 1958-1959).
|g Měřítko 1:2 000 000. 11 x 20 cm
|
| 650 |
0 |
7 |
|a osobní železniční doprava
|7 ph123850
|2 czenas
|
| 650 |
0 |
7 |
|a autobusová doprava
|7 ph118686
|2 czenas
|
| 651 |
|
7 |
|a Československo
|7 ge131689
|2 czenas
|
| 655 |
|
7 |
|a politické a správní mapy
|7 fd133032
|2 czenas
|
| 655 |
|
7 |
|a dopravní mapy
|7 fd132068
|2 czenas
|
| 655 |
|
7 |
|a školní mapy
|7 fd133894
|2 czenas
|
| 700 |
1 |
|
|a Sloboda, Jozef
|4 pbd
|
| 700 |
1 |
|
|a Žilinčan, Tiburc
|4 red
|
| 710 |
2 |
|
|a Kartografické nakladatelství (Praha, Česko)
|4 pbl
|
| 710 |
2 |
|
|a Kartografia (firma : Bratislava, Slovensko)
|4 prt
|
| 910 |
|
|
|a BOA001
|b Mpa-0515.305-68
|
| 990 |
|
|
|a MP
|
| 991 |
|
|
|b 201303
|